000 00676nam a2200277Ia 4500
005 20260324130648.0
008 008 260324s9999 xx 000 0 eng d
020 _a9781003151395
037 _aEBOOK
040 _aCRL
040 _beng
040 _cCRL
041 _2eng
041 _aeng
084 _qCRL
100 _aVigyan Chandra; Dale R. Patrick; Stephen W. Fardo
_91182619
245 0 _aElectronic Digital System Fundamentals
260 _bTaylor and Francis
260 _c2007
365 _a
365 _b210
856 _uhttp://www.taylorfrancis.com/books/9781003151395
942 _cEBOOK
999 _c1778987
_d1778987